[Event "Ulm/Neu Ulm-ch"]
[Site "Ulm/Neu Ulm"]
[Date "2007.10.19"]
[Round "3"]
[White "Haitov, Haim"]
[Black "Huppertz, Anton"]
[Result "0-1"]
[WhiteElo "1430"]
[BlackElo "1316"]
[PlyCount "44"]
[EventDate "2007.09.21"]
[EventType "swiss"]
[EventRounds "7"]
[EventCountry "GER"]
[SourceTitle "EXT 2011"]
[Source "ChessBase"]
[SourceDate "2010.11.26"]
[SourceVersion "1"]
[SourceVersionDate "2010.11.26"]
[SourceQuality "1"]

1. b3 e5 2. Bb2 Nc6 3. e4 a6 4. a4 Bc5 5. Nf3 d6 6. c3 Nf6 7. d4 exd4 8. cxd4 Bb4+ 9. Nbd2 Nxe4 10. Qc2 d5 11. Bd3 Bf5 12. 0-0 0-0 13. Rfe1 Bxd2 14. Nxd2 Nb4 15. Qd1 Nxd3 16. Ba3 Re8 17. Rf1 Nxd2 18. Qxd2 Qf6 19. Qc3 c6 20. Rad1 Qg6 21. Bc1 Nxc1 22. Rxc1 Re2 0-1